000 00350nam a2200133Ia 4500
008 220216s9999 xx 000 0 und d
100 _aMercykutty V.C.
245 4 _aThe way through which rubber arrived. 1.
260 _bRubber
_c2004
300 _a12-Jul
650 _aKottatingi Research Centre
650 _aMalaysian rubber board
942 _cML
999 _c72764
_d72764